| 000 | 00578cab a2200193 4500 | ||
|---|---|---|---|
| 001 | WB2627-07 | ||
| 008 | 090401t1990 xxu||||| |||| 00| 0 eng d | ||
| 035 | _a(Sirsi) u9390 | ||
| 041 | _aeng | ||
| 245 | _aCare of redundant churches | ||
| 260 | _c1990 | ||
| 350 | _a0 | ||
| 490 |
_aEstates Gazette _vno 9027 7/7/90 p12 |
||
| 520 | _aA new report has suggested ways in which the system of financing the preservation of redundant churches through the Redundant Churches Fund , could be improved. | ||
| 650 | _aFUNDING | ||
| 690 | _aCON | ||
| 942 | _n0 | ||
| 948 | _c04/03/1997 | ||
| 999 |
_c5857 _d5857 |
||